000 00789cam a22002533a 4500
001 30825
003 PGUSA
005 20140828083651.0
008 100101s2010||||xxu|||||s|||||000 1 eng d
040 _aPGUSA
_beng
042 _adc
050 4 _aPZ
100 1 _aFrey, Hildegard G.,
_d1891-1957
245 1 4 _aThe Camp Fire Girls on Ellen's Isle; Or, The Trail of the Seven Cedars
_h[electronic resource] /
_cHildegard G. Frey
260 _bProject Gutenberg,
_c2010
506 _aPublic domain in the USA.
516 _aElectronic text
653 _aVacations -- Juvenile fiction
653 _aCamp Fire Girls -- Juvenile fiction
653 _aCamping -- Juvenile fiction
830 0 _aProject Gutenberg
_v30825
856 4 0 _uhttp://www.gutenberg.org/ebooks/30825
942 _cEB
999 _c260080
_d260080